Dopady zavádzania  projektu Industry 4.0 na medzinárodnú konkurencieschopnosť krajín V4 bakalárska práca

Gespeichert in:
Bibliographische Detailangaben
1. Verfasser: Lackovičová, Karin
Körperschaft: Obchodná fakulta EU. Katedra informatiky obchodných firiem
Weitere Verfasser: Hlavatý, Ivan, 1978-
Format: Buch
Sprache:Slowakisch
Veröffentlicht: Bratislava 2020
Tags: Tag hinzufügen
Keine Tags, Fügen Sie das erste Tag hinzu!

MARC

LEADER 00000nbm a2200000 4500
001 0266544
005 20201009100341.3
041 0 |a slo 
044 |a SK 
245 1 0 |a Dopady zavádzania  projektu Industry 4.0 na medzinárodnú konkurencieschopnosť krajín V4  |b bakalárska práca  |c Karin Lackovičová ; školiteľ: Ivan Hlavatý 
264 1 |a Bratislava  |c 2020 
300 |a 53 s. 
100 1 |a Lackovičová, Karin 
700 1 |a Hlavatý, Ivan, 1978- 
710 2 |a Obchodná fakulta EU. Katedra informatiky obchodných firiem